000 00907nam2a2200301 4500
001 RU\NLR\bibl\257134
005 20250620124746.0
010 _a5-93630-023-4
_91000
021 _aRU
_b2002-2029
_999
035 _a(NLR Aleph) 000252881
090 _a1475851
_c1475851
100 _a20020419d2001 |||y0rusy50 ca
101 0 _arus
102 _aRU
105 _ay |||||||||
200 0 _aВып. 1
210 _d2001
_aБ. м.
215 _a167, [1] с.
461 0 _1001RU\NLR\bibl\263416
_12001#$aВестник$vВып. 1
_91512853
_cСПб.
_d2001
_fГосподь Бог
_nДЕАН
_o[Сб. стихов]
_tВестник
_vВып. 1
675 _a821.161.1-1
_v3
_zrus
686 _a17.82
_2rugasnti
686 _a84(2Рос-Рус)6-5
_2rubbk
801 0 _aRU
_bRKP
_c20020419
_gPSBO
801 1 _aRU
_bRKP
_c20020419
801 2 _aRU
_bNLR
_c20020527
_grcr
942 _cBOOK
980 _aNB